|
|
แสดงรายละเอียดบรรณานุกรม |
|
|
Brief Record
: Get Marc (ISO 2709)
: E-mail record
: |
|
|
| LEADER 00000nam 2200000uu 4500 | |||
| 001 211449 | |||
| 003 ULIBM | |||
| 008 020711s2559 th a 000 0 tha d | |||
| 020 9786161132255 | |||
| 060 WY100 จ518ห 2559 | |||
| 100 จิระพรรณ สุปัญญา | |||
| 245 หลักการตรวจร่างกายเบื้องต้นสำหรับพยาบาล/^cจิระพรรณ สุปัญญา | |||
| 260 อุดรธานี :^bวิทยาลัยพยาบาลบรมราชชนนี อุดรธานี,^c2559 | |||
| 300 133 หน้า :^bภาพประกอบ ;^c29 ซม. | |||
| 650 การตรวจร่างกาย | |||
| คุณยังไม่ได้ล็อกอิน คุณสามารถมีกิจกรรมร่วมกับเว็บไซต์ได้ แต่ต้องล็อกอินก่อน :: |
|
| สถานะ | |||||||||
| 1. | การพยาบาล (ตำราหลัก) | WY100 จ518ห 2559 | On Shelf ขอยืม | ||||||
| [แสดง 1/1 รายการ] | |||||||||
BibComment |
| คอมเมนท์ทรัพยากรรายการนี้ |
|
|